Pitch perfect (Record no. 80895)

MARC details
000 -LEADER
fixed length control field 00946cab a22001815a 4500
001 - CONTROL NUMBER
control field L145604
008 - FIXED-LENGTH DATA ELEMENTS--GENERAL INFORMATION
fixed length control field 081024s2008 xxkod f 000 0 eng d
035 ## - SYSTEM CONTROL NUMBER
System control number (Sirsi) u145604
041 0# - LANGUAGE CODE
Language code of text/sound track or separate title eng
110 2# - MAIN ENTRY--CORPORATE NAME
Corporate name or jurisdiction name as entry element Davis Langdon Mott Green Wall
9 (RLIN) 4650
245 00 - TITLE STATEMENT
Title Pitch perfect
260 ## - PUBLICATION, DISTRIBUTION, ETC.
Date of publication, distribution, etc. 2008
490 ## - SERIES STATEMENT
Series statement Building Service Journal
Volume/sequential designation 30 (10) October 2008, 59-63 (5)
520 ## - SUMMARY, ETC.
Summary, etc. Presents the principles of a football stadium design, focusing on the services distribution. Details the requirements as to: lighting; pitch irrigation; domestic hot water; boiler flues; space heating; under-pitch heating; cooling; ventilation; fire protection; standby generation; uninterruptible power supply; cable containment; fire alarm, system; public address voice alarm system; security systems; match control room; lifts and other necessary systems.
651 #4 - SUBJECT ADDED ENTRY--GEOGRAPHIC NAME
Geographic name United Kingdom
Chronological subdivision
690 ## - LOCAL SUBJECT ADDED ENTRY--TOPICAL TERM (OCLC, RLIN)
Topical term or geographic name as entry element PROPERTY-PROPERTY MANAGEMENT-OCCUPANCY COSTS
942 ## - ADDED ENTRY ELEMENTS (KOHA)
Suppress in OPAC 0
Holdings
Withdrawn status Lost status Source of classification or shelving scheme Damaged status Not for loan Home library Current library Shelving location Date acquired Total Checkouts Full call number Barcode Date last seen Copy number Price effective from Koha item type
    Dewey Decimal Classification     London London Journal article 25/10/2008   L145604 145604-1001 06/08/2019 1 06/08/2019 Journal article